000 01544nam0a2200337 4500
001 RU\NLR\bibl\1248341
005 20260406045131.0
010 _a978-5-382-00651-2
021 _aRU
_b2008-36255
_91994
035 _a(NLR Aleph) 001234473
090 _a219286
_c219286
100 _a20080619d2008 |||y0rusy50 ca
101 0 _arus
102 _aRU
105 _aa |||||||||
200 1 _aНеокибернетика
_eалгоритмы, математика эволюции и технологии будущего
_fС.М. Крылов
210 _aМосква
_cURSS
_cИзд-во ЛКИ
_d2008
215 _a288 с.
_cил.
_d22
300 _aНа 4-й с. обл. авт.: С.М. Крылов, д.т.н., проф., лауреат Всесоюз. конкурса по микроэлектронике с проектом "Концепция программируемых и универс. БИС"
320 _aБиблиогр.: с. 284-288 (68 назв.) и в подстроч. прим.
320 _aДр. кн. авт. на 4-й с. обл.
606 1 _aКибернетика
_91080540
_3RU\NLR\auth\66103427
606 1 _aФормальная технология
_92128024
_3RU\NLR\auth\661284219
686 _aЗ81
686 _aЮ251.521
700 1 _4070
_7ca
_8rus
_aКрылов
_bС. М.
_cд-р техн. наук
_f1948-
_gСергей Михайлович
_9114826
_3RU\NLR\auth\774851
801 0 _aRU
_bNLR
_c20080619
_gRCR
801 1 _aRU
_bNLR
_c20080619
942 _cBOOK
980 _aNB